000 00451nam a2200157Ia 4500
003 LK-CoDNM
008 010623t xxu||||| |||| 00| 1 eng d
040 _aLK-CoDNM
_dLK-CoDNM
_eLK-CoDNM
041 _aeng
080 _a(x)31 SRI
245 _aSri Lanka Country Review Of Statical Development Activites And Programmes 1974-1977
260 _bDepartment of Census Statistics
_aColombo
300 _b9.;27.5 cm cm
650 _aSociology
942 _cBK
999 _c135761
_d135761